Statistics for Biggest Cities In Kenya

Click here to take the quiz!

General Stats

  • This quiz has been taken 9 times
    (7 since last reset)
  • The average score is 4 of 15

Answer Stats

RankPopulationCity% Correct
21,208,000Mombasa
100%
14,397,000Nairobi
100%
5475,000Eldoret
67%
6397,000Kisumu
67%
3570,000Nakuru
33%
8251,000Thika
33%
12163,000Garissa
0%
14156,000Juja
0%
10194,000Karuri
0%
7323,000Kikuyu
0%
13162,000Kitale
0%
15154,000Kitengela
0%
9198,000Naivasha
0%
11172,000Ongata Rongai
0%
4490,000Ruiru
0%

Score Distribution

Percentile by Number Answered

Percent of People with Each Score

Your Score History

You have not taken this quiz since the last reset